000 00562nam a2200181Ia 4500
003 GCL
008 140319s9999 xx 000 0 ara d
040 _aGCL /
_cGCL
082 0 4 _a189
_bص ا
100 1 _aصلاح الدين بسيونى رسلان
245 1 0 _aالاخلاق والسياسة عند ابن حزم /
_cصلاح الدين بسيونى رسلان
300 _a431 ص
490 _aكتاب
_v0
650 0 4 _aالفلسفة الاسلامية
650 0 4 _aطرق البحث
650 0 4 _aابن حزم الاندلسى
942 _2ddc
_cBK
999 _c41303
_d41303